Vplyv prepadu cien ropy na finančný trh vybraných krajín bakalárska práca

Salvato in:
Dettagli Bibliografici
Autore principale: Gašperanová, Andrea
Ente Autore: Národohospodárska fakulta EU. Katedra bankovníctva a medzinárodných financií
Altri autori: Árendáš, Peter, 1986-
Natura: Libro
Lingua:slovacco
Pubblicazione: Bratislava 2017
Tags: Aggiungi Tag
Nessun Tag, puoi essere il primo ad aggiungerne!!

MARC

LEADER 00000nbm a2200000 4500
001 0233742
005 20180115153436.5
041 0 |a slo 
044 |a SK 
245 1 0 |a Vplyv prepadu cien ropy na finančný trh vybraných krajín  |b bakalárska práca  |c Andrea Gašperanová ; školiteľ: Peter Árendáš 
264 1 |a Bratislava  |c 2017 
300 |a 46 s. 
100 1 |a Gašperanová, Andrea 
700 1 |a Árendáš, Peter, 1986- 
710 2 |a Národohospodárska fakulta EU. Katedra bankovníctva a medzinárodných financií